|
|
|
|
| LEADER |
00000naa2a2200000 4500 |
| 001 |
627046 |
| 005 |
20240119150637.0 |
| 035 |
|
|
|a (RuTPU)RU\TPU\conf\26728
|
| 035 |
|
|
|a RU\TPU\conf\26720
|
| 090 |
|
|
|a 627046
|
| 100 |
|
|
|a 20180813d2018 k y0rusy50 ca
|
| 101 |
0 |
|
|a rus
|
| 102 |
|
|
|a RU
|
| 105 |
|
|
|a y z 101zy
|
| 135 |
|
|
|a drgn ---uucaa
|
| 181 |
|
0 |
|a i
|
| 182 |
|
0 |
|a b
|
| 200 |
1 |
|
|a Использование боя стекла для получения жидкостекольных композиций
|f А. А. Чеботарева
|g науч. рук. О. В. Казьмина
|
| 203 |
|
|
|a Текст
|c электронный
|
| 225 |
1 |
|
|a Охрана окружающей среды и рациональное использование природных ресурсов
|
| 300 |
|
|
|a Заглавие с экрана
|
| 320 |
|
|
|a [Библиогр.: с. 466 (3 назв.)]
|
| 463 |
|
0 |
|0 (RuTPU)RU\TPU\conf\26227
|t Химия и химическая технология в XXI веке
|o материалы XIX Международной научно-практической конференции студентов и молодых ученых имени профессора Л. П. Кулёва, 21-24 мая 2018 г., г. Томск
|f Национальный исследовательский Томский политехнический университет
|v [С. 465-466]
|d 2018
|
| 610 |
1 |
|
|a электронный ресурс
|
| 610 |
1 |
|
|a труды учёных ТПУ
|
| 610 |
1 |
|
|a стекло
|
| 610 |
1 |
|
|a жидкостекольные композиции
|
| 610 |
1 |
|
|a переработка
|
| 610 |
1 |
|
|a стеклобой
|
| 610 |
1 |
|
|a силикатные краски
|
| 610 |
1 |
|
|a жидкое стекло
|
| 700 |
|
1 |
|a Чеботарева
|b А. А.
|
| 702 |
|
1 |
|a Казьмина
|b О. В.
|c химик-технолог
|c профессор Томского политехнического университета, доктор технических наук
|f 1967-
|g Ольга Викторовна
|4 727
|
| 712 |
0 |
2 |
|a Национальный исследовательский Томский политехнический университет
|b Инженерная школа новых производственных технологий
|b Научно-образовательный центр Н. М. Кижнера
|3 (RuTPU)RU\TPU\col\23556
|
| 801 |
|
2 |
|a RU
|b 63413507
|c 20180821
|g RCR
|
| 856 |
4 |
|
|u http://earchive.tpu.ru/handle/11683/49903
|
| 942 |
|
|
|c BK
|